| 000 | 01714nam a2200421 i 4500 | ||
|---|---|---|---|
| 001 | 196040 | ||
| 003 | ES-MaACL | ||
| 005 | 20250427063005.0 | ||
| 008 | 240810s2017 sp a o000 0 spa | ||
| 015 | _aMON17 | ||
| 017 |
_aM 28817-2017 _bOficina Depósito Legal Madrid |
||
| 020 |
_a9788474767391 _qPapel |
||
| 020 |
_a9788474767407 _qElectrónico |
||
| 024 | 7 |
_a 788-17-022-5 _2nipo |
|
| 035 | _a(SpMaBN)a6064257 | ||
| 035 | _a991006433879708606 | ||
| 040 |
_aSpMaBN _bspa _cSpMaBN _erdc |
||
| 080 | _a316.74(460):796/799 | ||
| 080 | _a796/799(460)(083.41) | ||
| 100 | 0 |
_aGarcía Ferrando, Manuel _954609 _eaut |
|
| 240 | 1 | 3 | _aLa popularización del deporte en España |
| 245 | 1 | 3 |
_aLa popularización del deporte en España : _bencuesta de hábitos deportivos 1980-2015 / _cManuel García Ferrando, Ramón Llopis Goig. |
| 250 | _aPrimera edición, septiembre 2017 | ||
| 260 |
_aMadrid : _bConsejo Superior de Deportes, CSD, _bCentro de Investigaciones Sociológicas, CIS, _c2017. |
||
| 300 |
_a221 p. : _btablas, gráfs. ; _c24 cm. |
||
| 336 |
_aTexto (visual) _2isbdcontent |
||
| 337 |
_asin mediación _2isbdmedia |
||
| 338 |
_2rdacarrier _avolumen |
||
| 504 | _aBibliografía: p. [181]-183. Índice | ||
| 650 | 0 |
_aSociología del deporte- _zEspaña _2embne _9238036 |
|
| 650 | 7 |
_aDeportes- _zEspaña- _vEstadísticas _9166775 |
|
| 700 |
_aLlopis Goig, Ramón _9238037 _eaut |
||
| 852 |
_aES-MaACL _bR.153510 _cDEPOJ _jN-9167 _hDonación: Editorial _xEncuadernación rústica con solapas _9205065 |
||
| 942 |
_cMONOGRAFIA _n0 |
||
| 999 |
_c196040 _d196040 |
||